| 000 | 00441cam a22001577a 4500 | ||
|---|---|---|---|
| 005 | 20250901165805.0 | ||
| 008 | 100203s2006 ke a 000 f eng | ||
| 010 | _a 2010305030 | ||
| 020 | _a9966471065 | ||
| 050 | 0 | 0 | _aPR 9381.9 .A23 2006 |
| 100 | 1 |
_aAbala, Judith Imali, _d1962- |
|
| 245 | 1 | 0 |
_aMove on, Trufosa! / _c[Imali J. Abala]. |
| 260 |
_aNairobi : _bPhoenix Publishers, _c2006. |
||
| 300 |
_a115 p. : _bill. ; _c18 cm. |
||
| 942 | _2lcc | ||
| 999 |
_c9286 _d9286 |
||